00698nam a2200181 a 450000100100000000500170001000800410002704000250006808200150009311000610010824500930016926000400026230000280030270000470033004900090037795201130038699900170049900001860620200929165829.0100512s2006 dr a 000 0 spa d aDO-SdBNPbspacBNPHU axxxbR337g1 aRepública Dominicana.bSuprema Corte de Justicia9790610aReglamento general de registros de títulos /cedición Almanzor González Canahuate. aSanto Domingo :bCentenario,c2006. a152 p. :bil. ;c23 cm.1 aGonzález Canahuate, Almanzoreed.916436 aBNPD 0010718PDaPDbPDcCTd2010-05-12iLF1l0oxxx R337gp18606-10r2020-06-25w2020-06-25yLFPDZNo se presta c18126d18126